000 00609nam a2200193Ia 4500
003 IN-BaIIA
008 211028s9999 xx 000 0 eng d
020 _a0-189650-1
040 _cIIA Library
080 _a535
_bCOR
100 _aCornbleet, S
_910032
245 0 _aMicrowave optics
_bthe optics of microwave antenna design
_cS. Cornbleet
260 _aLondon
_bAcademic Press
_c1976
300 _axvii, 416p.
650 _aAstronomy and astrophysics thesaurus
650 _aMicrowaves - optics
_910033
650 _aMillimeter - optics
_910034
942 _cBK
999 _c5795
_d5795